<?xml version="1.0" encoding="UTF-8"?>
<record
    xmlns:xsi="http://www.w3.org/2001/XMLSchema-instance"
    xsi:schemaLocation="http://www.loc.gov/MARC21/slim http://www.loc.gov/standards/marcxml/schema/MARC21slim.xsd"
    xmlns="http://www.loc.gov/MARC21/slim">

  <leader>00959nam a22001697a 4500</leader>
  <controlfield tag="003">SGT</controlfield>
  <datafield tag="020" ind1=" " ind2=" ">
    <subfield code="a">97811107500495</subfield>
  </datafield>
  <datafield tag="082" ind1=" " ind2=" ">
    <subfield code="a">518,GUP</subfield>
  </datafield>
  <datafield tag="100" ind1=" " ind2=" ">
    <subfield code="a">RADHEY S, GUPTA </subfield>
  </datafield>
  <datafield tag="245" ind1=" " ind2=" ">
    <subfield code="a">ELEMENTS OF NUMERICAL ANALYSIS </subfield>
  </datafield>
  <datafield tag="250" ind1=" " ind2=" ">
    <subfield code="a">2ND</subfield>
  </datafield>
  <datafield tag="260" ind1=" " ind2=" ">
    <subfield code="a">NEW DELHI </subfield>
    <subfield code="b">CAMBRIDGE </subfield>
    <subfield code="c">2015</subfield>
  </datafield>
  <datafield tag="300" ind1=" " ind2=" ">
    <subfield code="a">759</subfield>
  </datafield>
  <datafield tag="650" ind1=" " ind2=" ">
    <subfield code="a">NUMERICAL ANALYSIS</subfield>
  </datafield>
  <datafield tag="653" ind1=" " ind2=" ">
    <subfield code="a">PREFACE 1. ERRORS IN COMPUTATION 2. LINEAR EQUATIONS AND EIGENVALUE PROBLEM 3. NONLINEAR EQUATIONS 4. INTERPOLATION 5. NUMERICAL DIFFERENTIATION 6. NUMERICAL INTEGRATION 7. ORDINARY DIFFERENTIAL EQUATIONS 8. SPLINES AND THEIR APPLICATIONS 9. METHOD OF LEAST SQUARES AND CHEBYSHEV APPROXIMATION 10. EIGENVALUES OF SYMMETRIC MATRICES 11. PARTIAL DIFFERENTIAL EQUATIONS 12. FINITE ELEMENT METHOD 13. INTEGRAL EQUATIONS 14. DIFFERENCE EQUATIONS 15. FOURIER SERIES, DISCRETE FOURIER TRANSFORM AND FAST FOURIER TRANSFORM 16. FREE AND MOVING BOUNDARY PROBLEMS: A BRIEF INTRODUCTION APPENDICES INDEX.</subfield>
  </datafield>
  <datafield tag="942" ind1=" " ind2=" ">
    <subfield code="2">ddc</subfield>
    <subfield code="c">FPS</subfield>
  </datafield>
  <datafield tag="952" ind1=" " ind2=" ">
    <subfield code="0">0</subfield>
    <subfield code="1">0</subfield>
    <subfield code="2">ddc</subfield>
    <subfield code="4">0</subfield>
    <subfield code="7">1</subfield>
    <subfield code="8">FS</subfield>
    <subfield code="a">SSSL</subfield>
    <subfield code="b">SSSL</subfield>
    <subfield code="c">REF</subfield>
    <subfield code="d">2016-07-05</subfield>
    <subfield code="e">KIRTI PRKASHAN </subfield>
    <subfield code="g">595.00</subfield>
    <subfield code="i">SGTU</subfield>
    <subfield code="o">518,GUP</subfield>
    <subfield code="p">PS1195</subfield>
    <subfield code="r">2016-07-05 00:00:00</subfield>
    <subfield code="w">2015-10-19</subfield>
    <subfield code="y">FPS</subfield>
    <subfield code="k">3151</subfield>
  </datafield>
  <datafield tag="999" ind1=" " ind2=" ">
    <subfield code="c">9493</subfield>
    <subfield code="d">9493</subfield>
  </datafield>
</record>
